Practical knowledge and institutional design in Indiaá affirmative action policy.

Detalles Bibliográficos
Autor principal: Zwart, Frank de
Formato: Libro
Lenguaje:inglés
Publicado: Londres Turpin Distribution Services 2000

MARC

LEADER 00000cam a2200000 a 4500
001 025371
003 UAHC_CL
005 20170803122514.0
008 010809b xx j 000 1 eng
040 |a UAHC_CL  |c UAHC_CL  |d UAHC_CL 
100 1 |a Zwart, Frank de 
245 1 0 |a Practical knowledge and institutional design in Indiaá affirmative action policy. 
260 |a Londres  |b Turpin Distribution Services  |c 2000 
500 |a COLECCION REFERENCIA 
900 |a ANTHROPOLOGY TODAY-2 
942 |c BK 
999 |c 25371  |d 25371